Les adversaires de l’AS Monaco en coupe d’europe au XXIème - Statistiques

Statistiques générales
  • Ce quiz a été pris 89 fois
  • Le résultat moyen est 30 sur 57
Statistiques - réponses
Hint Réponse % Correct
2016/2017 Huitième de finale Manchester City
97%
2003/2004 Quart de finale Real Madrid
97%
2018/2019 Phase de poule Dortmund
95%
2016/2017 Quart de finale Dortmund
95%
2017/2018 Phase de poule Porto
94%
2003/2004 Finale Porto
94%
2016/2017 Demi-finale Juventus
92%
2014/2015 Quart de finale Juventus
92%
2014/2015 Huitième de finale Arsenal
86%
2003/2004 Demi-finale Chelsea
83%
2014/2015 Phase de poule Benfica
75%
2022/2023 Barrage Bayer Leverkusen
71%
2022/2023 Qualification PSV
71%
2021/2022 Phase de poule PSV
71%
2004/2005 Huitième de finale PSV
71%
2003/2004 Phase de poule PSV
71%
2016/2017 Phase de poule Bayer Leverkusen
70%
2014/2015 Phase de poule Bayer Leverkusen
70%
2016/2017 Phase de poule Tottenham
70%
2015/2016 Phase de poule Tottenham
70%
2018/2019 Phase de poule Atletico Madrid
69%
2004/2005 Phase de poule Deportivo La Corogne
65%
2003/2004 Phase de poule Deportivo La Corogne
65%
2004/2005 Phase de poule Liverpool
65%
2018/2019 Phase de poule Bruges
57%
2015/2016 Qualification Valence
57%
2021/2022 Huitième de finale Braga
52%
2017/2018 Phase de poule Leipzig
52%
2000/2001 Phase de poule (1er tour) Galatasaray
49%
2014/2015 Phase de poule Zénith
49%
2021/2022 Qualification Shakhtar
48%
2004/2005 Phase de poule Olympiakos
47%
2015/2016 Phase de poule Anderlecht
44%
2003/2004 Phase de poule AEK Athènes
43%
2017/2018 Phase de poule Besiktas
43%
2003/2004 Huitième de finale Lokomotiv Moscou
43%
2016/2017 Phase de poule CSKA Moscou
42%
2016/2017 Qualification Fenerbahce
42%
2021/2022 Phase de poule Real Sociedad
42%
2016/2017 Qualification Villareal
39%
2000/2001 Phase de poule (1er tour) Rangers
36%
2005/2006 Seizième de finale Bâle
32%
2005/2006 Qualification Betis Seville
32%
2022/2023 Phase de poule Etoile rouge de Belgrade
31%
2021/2022 Qualification Sparta Prague
31%
2005/2006 Phase de poule Hambourg
23%
2015/2016 Qualification Young Boys
23%
2022/2023 Phase de poule Ferencvaros
22%
2015/2016 Phase de poule Qarabag
19%
2005/2006 Phase de poule Slavia Prague
18%
2021/2022 Phase de poule Sturm Graz
17%
2000/2001 Phase de poule (1er tour) Sturm Graz
17%
2005/2006 Phase de poule CSKA Sofia
4%
2005/2006 Qualification Willem II
3%
2005/2006 Phase de poule Viking Stavanger
1%
2004/2005 Qualification Gorica
0%
2022/2023 Phase de poule Tranzonspor
0%
Aucun quiz correspondant
Distribution des résultats
% des personnes avec chaque résultat
Percentile par nombre de réponses
Votre historique - résultats
Vous n’avez pas pris ce quiz